| 000 | 00957nam a2200217Ia 4500 | ||
|---|---|---|---|
| 999 |
_c40462 _d40462 |
||
| 003 | OSt | ||
| 005 | 20200923165608.0 | ||
| 008 | 160316s2016 xxu||||| |||| 00| 0 eng d | ||
| 020 | _a9781138930643 | ||
| 040 | _cnls | ||
| 082 |
_a303.609540 _bSUB |
||
| 100 | _aSubramaniam K S | ||
| 245 | _aState, policy and conflicts in Northeast India | ||
| 260 |
_aNew Delhi _bRoutledge _c2016 |
||
| 300 |
_a213p _cxv |
||
| 365 | _bRs. 795 | ||
| 505 | _aTable of contents Map. Preface. Acknowledgements. Abbreviations. Introduction: Conflicts and the State: Context and Contours 1. Conflicts in the Northeast: The Policy Process 2. A Manipur Case Study 3. A Tripura Case Study 4. Assam Rifles and Armed Forces (Special Powers) Act, 1958: Analysis and Policy 5. Conflicts and The State: Whither Northeast India? Annexures. References. | ||
| 650 | _a1. Political Violence - Northeast - India2. Violence - Politics & Government | ||
| 700 |
_a _a |
||
| 942 |
_2ddc _cBK |
||